Japanese trade and industry in the Meiji Taisho era

Đã lưu trong:
书目详细资料
主要作者: Keishi, Ohara
格式: 图书
语言:Undetermined
出版: Tokyo Obunsha 1957
主题:
标签: 添加标签
没有标签, 成为第一个标记此记录!
Thư viện lưu trữ: Trung tâm Học liệu Trường Đại học Cần Thơ
LEADER 00624nam a2200205Ia 4500
001 CTU_82540
008 210402s9999 xx 000 0 und d
082 |a 382.0952073 
082 |b K27 
100 |a Keishi, Ohara 
245 0 |a Japanese trade and industry in the Meiji Taisho era 
245 0 |c Ohara Keishi 
260 |a Tokyo 
260 |b Obunsha 
260 |c 1957 
650 |a Japan,Japan,United states 
650 |x Economic conditions,Foreign economic relations,Foreign economic relations 
650 |z United states,Japan 
904 |i Trúc, Qhieu 
980 |a Trung tâm Học liệu Trường Đại học Cần Thơ